NLSUI OPAC header image

Tribes under stigma: Problem of Identity (Record no. 120773)

MARC details
000 -LEADER
fixed length control field 00316nam a2200121Ia 4500
100 ## - MAIN ENTRY--PERSONAL NAME
Personal name Gandhi Malli
245 #0 - TITLE STATEMENT
Title Tribes under stigma: Problem of Identity
264 ## - PRODUCTION, PUBLICATION, DISTRIBUTION, MANUFACTURE, AND COPYRIGHT NOTICE
Name of producer, publisher, distributor, manufacturer Serials Publications
Date of production, publication, distribution, manufacture, or copyright notice 2009
300 ## - PHYSICAL DESCRIPTION
Extent 344
700 ## - ADDED ENTRY--PERSONAL NAME
Personal name Lalitha V.
942 ## - ADDED ENTRY ELEMENTS (KOHA)
Koha item type CSSEIP Office Library Collection
Holdings
Withdrawn status Lost status Damaged status Not for loan Home library Current library Shelving location Date acquired Total Checkouts Barcode Date last seen Price effective from Koha item type
      Not For Loan . . CSSEIP Office Library - Gandhian Studies 23.06.2020   G0125 23.06.2020 23.06.2020 CSSEIP Office Library Collection